000 00721nam a2200229 a 4500
001 72404
003 BD-RjUL
005 20211209082245.0
008 170517s1961 nyua b 001 0 eng
020 _a0471031682
035 _a(BD-RjUL)72621
040 _aDLC
_cDLC
_dDLC
_dBD-RjUL
_beng
041 _aeng
082 0 0 _223
_a561
_bANS 1961
100 1 _aAndrews, Henry N.
_q(Henry Nathaniel),
_d1910-2002.
_9214124
245 1 0 _aStudies in paleobotany /
_cHenry N. Andrews ; With a chapter on palynology by Charles J. Felix.
260 _aNew York :
_bJohn Wiley & Sons,
_cc1961 [printing 1966].
300 _a487 p. :
_bill. ;
_c24 cm.
500 _aIncludes index.
650 0 _aPaleobotany.
_9164756
942 _2ddc
_cBK
999 _c72404
_d72404